000 00895nam a2200265 a 4500
001 BRCA_6267
005 20190320205407.0
008 290711s1937----mx-ab#####---#000-0#eng-#
041 _aeng
044 _amx
050 4 _aF1210
_b.G66 1937
100 1 _aGoodspeed, Bernice I.
_915728
245 1 0 _aMexican Tales
_ba compilation of mexican stoties and legends, with maps and complete travel and shopping directory
_cby Bernice I. Goodspeed ; ilustrated by Carl Pappe.
260 _aMéxico
_bCultura
_c1937
300 _a199 p.
_bil., 2 mapas
_c23 cm.
500 _aIncluye dedicatoria del autor
500 _aEstado físico: Encuadernación deteriorada
500 _aC11
650 1 4 _aLeyendas
_99124
651 4 _aMéxico
_xDescripción y viajes
_9103
651 4 _aMéxico
_xVida social y costumbres
_9769
700 1 _aPappe, Carl
_eIlustrador
_915729
902 _aGFM
942 _2lcc
_cB
999 _c5954
_d5954